000 01002nam a2200265 i 4500
001 1600097
003 DO-SdUEMH
005 20260219164810.0
007 ta
008 260219s2013 mx a|||gr|||| 00| 0 spa d
020 _a9786071509147
040 _aDO-SdUEMH
_bspa
_erda
041 _aspa
082 1 4 _mCG
_bM981
100 1 _eaut
245 _aHarper Bioquímica Ilustrada /
_cRobert K. Murray
250 _aVigésima novena edición
264 _aMéxico :
_bMcGraw-Hill,
_c2013
300 _axiv, 816 páginas :
_bilustraciones ;
_c28 cm.
336 _2rdacontent
_atexto
_btxt
337 _2rdamedia
_asin mediación
_bn
338 _2rdacarrier
_avolumen
_bnc
505 2 _aEstructuras y funciones de proteínas y enzimas -- Bioenergética y el metabolismo de carbohidratos y lípidos -- Metabolismo de proteínas y aminoácidos -- Estructuras, función y replicación de macromoléculas informacionales -- Comunicación extracelular e intracelular -- Temas especiales.
942 _2ddc
_cBK
_n0
999 _c18392
_d18392